000 00884cam a22002293a 4500
001 16496
003 PGUSA
005 20140828083342.0
008 050809s2005||||xxu|||||s|||||000 | eng d
040 _aPGUSA
_beng
042 _adc
050 4 _aDA
100 1 _aHolinshed, Raphael
245 1 0 _aChronicles (1 of 6) :
_bThe Historie of England (1 of 8) : From the Time That It Was First Inhabited, Vntill the Time That It Was Last Conquered: Wherein the Sundrie Alterations of the State Vnder Forren People Is Declared; And Other Manifold Observations Remembred
_h[electronic resource] /
_cRaphael Holinshed
260 _bProject Gutenberg,
_c2005
506 _aPublic domain in the USA.
516 _aElectronic text
653 _aGreat Britain -- History -- To 55 B.C.
830 0 _aProject Gutenberg
_v16496
856 4 0 _uhttp://www.gutenberg.org/ebooks/16496
942 _cEB
999 _c245751
_d245751